NEURAL NETWORKS IN THE PROCES OF DIAGNOSTICS

Bibliographic Details
Main Authors: Hammer, Miloš (Author), Baroš, Milan (Author), Kratochvíl, Petr (Author), Kozlovský, Tomáš (Author)
Format: Article
Language:English
ISBN:8089061540

MARC

LEADER 00000naa a2200000uu 4500
001 vtls011073463
003 SK-MaSNL
005 20260302111136.0
008 210908|2002 xo |||||||||||||||||eng|
015 |a SNBRA 
035 |a (urnnbn)urn:nbn:sk:snk:ar-a0cche 
035 |a (uuid)886ace78-17f6-49da-abc8-f77eab4c28b2 
035 |a urn:nbn:sk:snk-aavipm 
040 |a SNKBUCL  |b slo  |c SNKBUCL  |e AACR2 
041 0 |a eng 
044 |a xo  |c SK 
100 1 |a Hammer, Miloš  |4 aut  |9 678617 
245 1 0 |a NEURAL NETWORKS IN THE PROCES OF DIAGNOSTICS  |c Miloš HAMMER, Milan BAROŠ, Petr KRATOCHVÍL, Tomáš KOZLOVSKÝ 
700 1 |a Baroš, Milan  |4 aut  |9 788127 
700 1 |a Kratochvíl, Petr  |4 aut  |9 286682 
700 1 |a Kozlovský, Tomáš  |4 aut  |9 788128 
773 0 |t Scientific colloquium on high voltage engineering  |d Košice : Technical University, 2002  |g S. 67-73  |z 8089061540 
958 |a OND 
958 |a article12 
958 |a chapter 
999 |c 1246449  |d 1248379